000 01008nam a22002537a 4500
999 _c63262
_d63262
005 20240530110631.0
008 170705s2014 ua a g b 000 0dara d
017 _a2011/16815
_bمصر . دار الكتب المصرية
020 _a9789777047791
040 _aEG-CaGPL
082 0 4 _221
_a327.1/
_bو ح
100 1 _aوستاد ، اود ارن .
245 1 2 _aالحرب الباردة الكونية /
_cتاليف اود ارن وستاد ؛ ترجمة مى مقلد ؛ مراجعة طلعت الشايب .
250 _aط. 1
260 _aالقاهرة :
_bالمركز القومى للترجمة ،
_c2014 .
300 _a739 ص ؛
_c24 سم .
490 1 _aالمركز القومى للترجمة ؛
_v1942
504 _aيشتمل على ارجاعات ببليوجرافية
650 0 4 _aالحرب النفسية .
700 0 _aمى مقلد
_eمترجم .
700 0 _aطلعت الشايب
_eمراجع .
942 _2ddc
_cBK